000 00602nam a2200229Ia 4500
001 938
003 GE_BSU
008 181216s||||||||xx |||||||||||||| ||und||
020 _a5891292693
040 _cGE_BSU
080 _a341.2(075.8)
100 _aЗвеков,В.П.
245 _aМеждународное частное право.
245 _bКурс лекций.
260 _aМосква
260 _bГрупа Норма-Инфра
260 _c1999
300 _a667 с.
541 _h18 л.
653 _aМеждународное частное право
942 _cBK
999 _c35097
_d35097